|
|
|
|
| LEADER |
00000nam0a2200000 4500 |
| 001 |
278960 |
| 005 |
20231101235150.0 |
| 035 |
|
|
|a (RuTPU)RU\TPU\book\302238
|
| 090 |
|
|
|a 278960
|
| 100 |
|
|
|a 20141216d1984 k y0rusy50 ca
|
| 101 |
0 |
|
|a rus
|
| 102 |
|
|
|a RU
|
| 105 |
|
|
|a a z 001zy
|
| 200 |
1 |
|
|a Электрические изоляторы
|f под ред. Н. С. Костюкова
|
| 210 |
|
|
|a Москва
|c Энергоатомиздат
|d 1984
|
| 215 |
|
|
|a 296 с.
|c ил.
|
| 320 |
|
|
|a Библиогр.: с. 290-291
|
| 606 |
1 |
|
|a Электроизоляторы
|2 stltpush
|3 (RuTPU)RU\TPU\subj\20024
|9 45170
|
| 610 |
1 |
|
|a электроизоляция
|
| 610 |
1 |
|
|a электроизоляционная техника
|
| 610 |
1 |
|
|a классификация
|
| 610 |
1 |
|
|a эксплуатация
|
| 610 |
1 |
|
|a разрядные характеристики
|
| 610 |
1 |
|
|a механические характеристики
|
| 610 |
1 |
|
|a опорные изоляторы
|
| 610 |
1 |
|
|a низковольтная изоляция
|
| 610 |
1 |
|
|a испытания
|
| 610 |
1 |
|
|a качество
|
| 610 |
1 |
|
|a надежность
|
| 675 |
|
|
|a 621.315.62
|v 4
|
| 702 |
|
1 |
|a Костюков
|b Н. С.
|4 340
|
| 801 |
|
1 |
|a RU
|b 63413507
|c 20141216
|
| 801 |
|
2 |
|a RU
|b 63413507
|c 20190301
|g RCR
|
| 942 |
|
|
|c BK
|